02611cam a2200349 a 45000010009000000050017000090080041000260100015000670200038000820400033001200820021001531000030001742450093002042500012002972600059003093000047003685000025004155000020004405040041004605051085005016500025015866530036016116550024016476500023016717000030016947000026017249420021017509990017017719520158017889520157019469520158021031692256220170418110929.0110815t2012 xxua frb 001 0 eng d a2011034430 a9780323074612 (pbk. : alk. paper) aDNLM/DLCcDLCdDLCdEG-ScBUE00a616.028222bURD1 936322aUrden, Linda Diann00aPriorities in critical care nursing /cLinda D. Urden, Kathleen M. Stacy, Mary E. Lough. a6th ed. aSt. Louis, United States :bElsevier / Mosby,cc.2012. a[Various pagings] :bill. (col.) ;c28 cm. aIncludes appendixes. aIncludes index. aIncludes bibliographical references.0 aCaring for the critically ill patient-Ethical and legal issues-Patient and family education-Psychosocial alterations-Sleep alterations-Nutritional alterations-Gerontological alterations-Pain and pain management-Sedation, delirium, and alcohol withdrawal syndrome : assessment and management-End-of-life care-Cardiovascular clinical assessment and diagnostic procedures-Cardiovascular disorders-Cardiovascular therapeutic management-Pulmonary clinical assessment and diagnostic procedures-Pulmonary disorders-Pulmonary therapeutic management-Neurological clinical assessment and diagnostic procedures-Neurological disorders and therapeutic management -Renal clinical assessment and diagnostic procedures-Renal disorders and therapeutic management-Gastrointestinal clinical assessment and diagnostic procedures-Gastrointestinal disorders and therapeutic management-Endocrine clinical assessment and diagnostic procedures-Endocrine disorders and therapeutic management-Trauma-Shock, sepsis, and multiple organ dysfunction syndrome-Hematological disorders and oncological emergencies.12aCritical Care920321 bNNURcOctober2014cFebruary2015 vreading book9342321294472aNursing care1 aStacy, Kathleen M.9363231 aLough, Mary E.936324 2ddck616.028 URD c18497d18469 00102ddc40708BaccahaMAINbMAINc1STd2014-10-23epurchaseg625.00h20526l4m28o616.028 URDp000036781r2025-07-15 00:00:00s2020-02-12v781.25yBB 00102ddc40708BaccahaMAINbMAINc1STd2015-02-19epurchaseg625.00h21961l3m4o616.028 URDp000037480r2025-07-15 00:00:00s2019-02-20v781.25yBB 00102ddc40708BaccahaMAINbMAINc1STd2015-02-19epurchaseg625.00h21961l5m45o616.028 URDp000037481r2025-07-15 00:00:00s2024-01-04v781.25yBB